000 00532nam a2200157 i 4500
001 82928
003 ES-MaACL
005 20230906174744.0
007 t|
008 041112s1976 sp ||||1| spa d
245 0 0 _aEncuesta de hábitos de lectura
_b: metodología y análisis de resultados : (2º trimestre 1974) /
_cInstituto Nacional de Estadística.
260 _aMadrid :
_b[s.n.],
_c1976.
300 _a152 p. ;
_c27 cm.
710 2 _aInstituto Nacional de Estadística (España)
_95162
852 _aES-MaACL
_jE-9853
_bR.94375
999 _c82928
_d82928